| 000 -CABECERA |
| Longitud fija campo de control |
00593nam a2200193 a 4500 |
| 001 - NÚMERO DE CONTROL |
| Número de control |
1803 |
| 003 - IDENTIFICADOR DEL NÚMERO DE CONTROL |
| Identificador del número de control |
CDMR |
| 005 - FECHA Y HORA DE LA ÚLTIMA TRANSACCIÓN |
| Fecha y hora de la última transacción |
20140414134201.0 |
| 008 - CÓDIGOS DE INFORMACIÓN DE LONGITUD FIJA |
| Códigos de información de longitud fija |
130130s2008||||||||||||||||||||||||||||d |
| 020 ## - NÚMERO INTERNACIONAL NORMALIZADO PARA LIBROS |
| Número Internacional Normalizado para Libros (ISBN) |
9788497797207 |
| 040 ## - FUENTE DE LA CATALOGACIÓN |
| Centro catalogador de origen |
CDMR |
| Lengua de catalogación |
cat |
| Centro transcriptor |
CDMR |
| 100 1# - PUNTO DE ACCESO PRINCIPAL-NOMBRE DE PERSONA |
| 9 (RLIN) |
1346 |
| Nombre de persona |
Kap |
| 245 12 - MENCIÓN DE TÍTULO |
| Título |
L'humor gràfic de Tísner |
| Resto del título |
: una aproximació a les caricatures d'Avel.lí Artís-Gener |
| Mención de responsabilidad, etc. |
Jaume Capdevila ; pòleg de José M. Murià |
| 260 ## - PUBLICACIÓN, DISTRIBUCIÓN, ETC. (PIE DE IMPRENTA) |
| Lugar de publicación, distribución, etc. |
Lleida |
| Fecha de publicación, distribución, etc. |
2008 |
| Nombre del editor, distribuidor, etc. |
Pagès |
| 490 0# - MENCIÓN DE SERIE |
| Mención de serie |
Retalls |
| Designación de volumen o secuencia |
9 |
| 600 1# - PUNTO DE ACCESO ADICIONAL DE MATERIA - NOMBRE DE PERSONA |
| 9 (RLIN) |
2923 |
| Nombre de persona |
Artís-Gener, Avel·lí |
| Fechas asociadas al nombre |
1912-2000 |
| 650 0# - PUNTO DE ACCESO ADICIONAL DE MATERIA - TÉRMINO DE MATERIA |
| 9 (RLIN) |
3084 |
| Término de materia o nombre geográfico como elemento inicial |
Humorisme gràfic |
| 942 ## - ENTRADA DE ELEMENTOS AGREGADOS (KOHA) |
| Koha [por defecto] tipo de item |
Monografies |
| Fuente de clasificaión o esquema |
|